Normal view
MARC view
- Bixio Cesare Andrea
Entry Personal Name
001 - CONTROL NUMBER
- control field: 8757
003 - CONTROL NUMBER IDENTIFIER
- control field: IT-RoPau
005 - DATE AND TIME OF LATEST TRANSACTION
- control field: 20140110154048.0
008 - FIXED-LENGTH DATA ELEMENTS
- fixed length control field: 140110|| aca||aabn | a|a d
040 ## - CATALOGING SOURCE
- Original cataloging agency: IT-RoPau
- Transcribing agency: IT-RoPau
100 ## - HEADING--PERSONAL NAME
- Personal name: Bixio Cesare Andrea
- Miscellaneous information: Codice autore musica SPICS: 13441
- Relator term: Autore musica
- Name of part/section of a work: Tango delle capinere - Miniera - Lucciole vagabonde
670 ## - SOURCE DATA FOUND
- Source citation: Work cat.: (IT-RoPau)103002: AA.VV. 794, Stasera ballo liscio